000 00490nam a2200169 i 4500
001 22491
003 ES-MaACL
005 20230906152715.0
007 t|
008 021203s1916 sp ||||1| spa d
100 1 _aAltamira, Rafael,
_d1866-1951
_920515
245 1 0 _aFilosofía de la historia y teoría de la civilización /
_cpor Rafael Altamira.
260 _aMadrid :
_bLa Lectura,
_c1916.
300 _a132 p. ;
_c19 cm.
852 _aES-MaACL
_jB-6476
999 _c22491
_d22491